000 00350nam a2200121Ia 4500
008 220204s9999 xx 000 0 und d
082 _aNR:339.138
_bSUA;1
100 _aSuan Tan, C
245 0 _aWorld rubber market structure and stabilisation: An econometric study
260 _aWashington
_bWorld Bank
_c1984
650 _aRubber market
942 _cBK
999 _c38070
_d38070